[Event "Championnat de France des Jeunes - Mini"]
[Site "LA ROCHE SUR YON"]
[Date "2008.04.21"]
[Round "2.9"]
[White "Uhl, Sarah"]
[Black "Josse, Mathilde"]
[Result "1/2-1/2"]
[WhiteElo "1850"]
[BlackElo "1726"]
[Annotator "Salaun,Michel"]
[PlyCount "77"]
[EventDate "2008.04.24"]
[EventType "swiss"]
[EventRounds "6"]
[EventCountry "FRA"]

1. e4 e5 2. Nf3 Nc6 3. Bc4 Bc5 4. c3 Nf6 5. d4 exd4 6. cxd4 Bb4+ 7. Nc3 O-O 8.
Bg5 h6 9. Bh4 Re8 10. O-O Bxc3 11. bxc3 Rxe4 12. Qb3 Qf8 13. Bxf6 gxf6 14. Rfe1
Rg4 15. h3 Rg7 16. Bd3 b6 17. Qc2 Kh8 18. Nh4 d6 19. Be4 Bd7 20. Qe2 Rd8 21.
Qf3 d5 22. Bxd5 Qd6 23. Bxc6 Bxc6 24. Qh5 Kh7 25. Qf5+ Kh8 26. Kh1 Rdg8 27. Rg1
Rg5 28. Qd3 Qf4 29. Nf3 Rxg2 30. Rxg2 Bxf3 31. Rag1 Be4 32. Qe3 Rxg2 33. Rxg2
Bxg2+ 34. Kxg2 Qg5+ 35. Kh2 Kg7 36. Qe7 Qf4+ 37. Kg2 Qg5+ 38. Kh2 Qf4+ 39. Kg2
1/2-1/2

[Event "Championnat de France des Jeunes - Mini"]
[Site "LA ROCHE SUR YON"]
[Date "2008.04.21"]
[Round "2.8"]
[White "Armas, Lena"]
[Black "Kohi, Camilla"]
[Result "1-0"]
[WhiteElo "1748"]
[BlackElo "1855"]
[Annotator "Salaun,Michel"]
[PlyCount "37"]
[EventDate "2008.04.24"]
[EventType "swiss"]
[EventRounds "6"]
[EventCountry "FRA"]

1. e4 e6 2. d3 d5 3. Qe2 Be7 4. g3 Nf6 5. e5 Nfd7 6. d4 Bg5 7. Nd2 c5 8. Ngf3
Be7 9. c3 Nc6 10. Bg2 cxd4 11. cxd4 f6 12. O-O fxe5 13. Nxe5 Nf6 14. Nxc6 bxc6
15. Bh3 Qd6 16. Re1 Kf7 17. Nf3 Ne4 18. Ne5+ Kf8 19. Qh5 1-0

[Event "Championnat de France des Jeunes - Mini"]
[Site "LA ROCHE SUR YON"]
[Date "2008.04.21"]
[Round "3.10"]
[White "Dourerassou, Cynthia"]
[Black "Pinault, Mailys"]
[Result "1-0"]
[WhiteElo "1909"]
[BlackElo "1796"]
[Annotator "Salaun,Michel"]
[PlyCount "143"]
[EventDate "2008.04.24"]
[EventType "swiss"]
[EventRounds "6"]
[EventCountry "FRA"]

1. e4 e5 2. Nf3 Nc6 3. Bb5 a6 4. Ba4 Nf6 5. O-O b5 6. Bb3 Bc5 7. d3 d6 8. Bg5
h6 9. Be3 Bb6 10. c3 Bb7 11. Nbd2 O-O 12. d4 exd4 13. cxd4 Re8 14. Rc1 Na5 15.
e5 Nxb3 16. Qxb3 dxe5 17. dxe5 Nd5 18. Bxb6 Nxb6 19. Rfd1 Qe7 20. Re1 Bd5 21.
Qc2 Rac8 22. Nd4 Qg5 23. N2f3 Bxf3 24. Nxf3 Qf4 25. Re4 Qf5 26. Rce1 Nc4 27.
Qe2 c5 28. b3 Nb6 29. Nh4 Qe6 30. f4 Nd5 31. f5 Qb6 32. Qg4 c4+ 33. Kh1 f6 34.
bxc4 bxc4 35. exf6 Nxf6 36. Rxe8+ Rxe8 37. Rxe8+ Nxe8 38. Qxc4+ Kh7 39. h3 Qb1+
40. Kh2 Qb8+ 41. Kg1 Qb6+ 42. Kh2 Qd6+ 43. g3 Nf6 44. Ng2 Nh5 45. Qg4 Nf6 46.
Qf4 Qa3 47. Qd2 Qc5 48. Qd3 Qb6 49. Qb3 Qc5 50. Qe6 Qa5 51. Nf4 Qd2+ 52. Qe2
Qa5 53. Qc2 Qe5 54. Ne6 Qd6 55. h4 a5 56. Qc7 Qxc7 57. Nxc7 Ne4 58. g4 Nc3 59.
a3 Nb1 60. Nb5 Kg8 61. Kg3 Nd2 62. Kf4 Nc4 63. g5 hxg5+ 64. hxg5 Nb6 65. Ke5
Kf7 66. Nd6+ Ke7 67. f6+ gxf6+ 68. gxf6+ Kf8 69. Ke6 a4 70. f7 Na8 71. Kd7 Nb6+
72. Kc6 1-0

[Event "Championnat de France des Jeunes - Mini"]
[Site "LA ROCHE SUR YON"]
[Date "2008.04.21"]
[Round "2.7"]
[White "Graca, Robert"]
[Black "Chretien, Antonin"]
[Result "1-0"]
[WhiteElo "2103"]
[BlackElo "1931"]
[Annotator "Salaun,Michel"]
[PlyCount "119"]
[EventDate "2008.04.24"]
[EventType "swiss"]
[EventRounds "6"]
[EventCountry "FRA"]

1. Nf3 d5 2. d4 Nc6 3. c4 e5 4. dxe5 d4 5. a3 Bg4 6. Nbd2 Qe7 7. h3 Bxf3 8.
Nxf3 O-O-O 9. Bf4 h6 10. Qd3 g5 11. Bh2 Bg7 12. g4 Kb8 13. Bg2 Qe6 14. b4 Nge7
15. b5 Na5 16. Rc1 Ng6 17. Qe4 Qb6 18. O-O Rhe8 19. Rfd1 Qc5 20. Rxd4 Rxd4 21.
Qxd4 Qxd4 22. Nxd4 Bxe5 23. Bxe5 Nxe5 24. c5 Ng6 25. e3 Ne7 26. Be4 Rd8 27. Kg2
Nd5 28. Kg3 Nf6 29. Bf3 Kc8 30. Kg2 Nd7 31. Rc2 Ne5 32. Be4 Nac4 33. a4 b6 34.
cxb6 axb6 35. Nc6 Nxc6 36. Bxc6 Ne5 37. f4 Nd3 38. Kg3 Nc5 39. a5 Rd3 40. fxg5
hxg5 41. Kf2 Ra3 42. a6 Nxa6 43. bxa6 Rxa6 44. Be4 b5 45. Rc6 Rxc6 46. Bxc6 b4
47. Ke2 Kd8 48. Kd3 Ke7 49. Kc4 Kd6 50. Be8 f6 51. Kxb4 Kd5 52. Bg6 c6 53. Bf5
c5+ 54. Kc3 Ke5 55. Kc4 Kd6 56. Bh7 Kc6 57. Bg8 Kd6 58. Bd5 Ke5 59. Kxc5 f5 60.
gxf5 1-0

[Event "Championnat de France des Jeunes - Mini"]
[Site "LA ROCHE SUR YON"]
[Date "2008.04.21"]
[Round "2.10"]
[White "Hoareau, William"]
[Black "Botto, Julien"]
[Result "1-0"]
[WhiteElo "2065"]
[BlackElo "1918"]
[Annotator "Salaun,Michel"]
[PlyCount "85"]
[EventDate "2008.04.24"]
[EventType "swiss"]
[EventRounds "6"]
[EventCountry "FRA"]

1. d4 d5 2. Nf3 Nf6 3. g3 Bf5 4. c4 dxc4 5. Bg2 c6 6. Nc3 Nbd7 7. Nh4 Bg6 8.
Nxg6 hxg6 9. d5 cxd5 10. Nxd5 Nc5 11. Be3 e6 12. Nxf6+ Qxf6 13. Bd4 e5 14. Be3
Be7 15. Qd5 Rc8 16. Qxc4 O-O 17. O-O b6 18. Rac1 Rcd8 19. b4 Ne6 20. Rfd1 Rd6
21. Rxd6 Bxd6 22. a4 Qe7 23. Rb1 Rb8 24. Be4 Qc7 25. Qa2 Qe7 26. Qd2 Nd8 27.
Bg5 Qf8 28. Rd1 Be7 29. Bxe7 Qxe7 30. Qd7 Kf8 31. Qb5 Nb7 32. Rd7 Nd6 33. Qc6
Rc8 34. Qxd6 Qxd6 35. Rxd6 Rc4 36. Bd3 Rxb4 37. Bb5 a6 38. Bxa6 Rxa4 39. Rxb6
Ke7 40. Rb7+ Ke6 41. Bb5 Rd4 42. e3 Re4 43. Be8 1-0

[Event "Championnat de France des Jeunes - Mini"]
[Site "LA ROCHE SUR YON"]
[Date "2008.04.21"]
[Round "2.9"]
[White "Muratet, Lucas"]
[Black "Velten, Paul"]
[Result "0-1"]
[WhiteElo "1928"]
[BlackElo "2085"]
[Annotator "Salaun,Michel"]
[PlyCount "84"]
[EventDate "2008.04.24"]
[EventType "swiss"]
[EventRounds "6"]
[EventCountry "FRA"]

1. e4 e6 2. d3 d5 3. Nd2 Nf6 4. Ngf3 c5 5. g3 Be7 6. Bg2 Nc6 7. O-O O-O 8. Re1
b5 9. e5 Nd7 10. Nf1 a5 11. a3 Ba6 12. h4 b4 13. Bf4 Qc7 14. Ne3 c4 15. dxc4
dxc4 16. Ng4 Rfd8 17. Qc1 Bb7 18. Ng5 Nd4 19. Nf6+ Bxf6 20. exf6 e5 21. c3 exf4
22. cxd4 fxg3 23. fxg7 gxf2+ 24. Kxf2 Qh2 25. Nf3 Bxf3 26. Kxf3 Qxh4 27. Qxc4
Rac8 28. Qd3 Nf6 29. Qf5 Nh5 30. Qg4 Qf6+ 31. Ke3 Re8+ 32. Be4 Qh6+ 33. Kf3 Nf6
34. Qf5 Qh4 35. axb4 axb4 36. Rad1 Rcd8 37. d5 Rd6 38. Qf4 Qh3+ 39. Kf2 Ng4+
40. Kg1 Rf6 41. Bxh7+ Kxg7 42. Bf5 Rxf5 0-1

[Event "Championnat de France des Jeunes - Mini"]
[Site "LA ROCHE SUR YON"]
[Date "2008.04.21"]
[Round "2.6"]
[White "Chandesris, Ludovic"]
[Black "Martin, Cedric"]
[Result "0-1"]
[WhiteElo "1934"]
[BlackElo "2125"]
[Annotator "Salaun,Michel"]
[PlyCount "72"]
[EventDate "2008.04.24"]
[EventType "swiss"]
[EventRounds "6"]
[EventCountry "FRA"]

1. e4 c5 2. Nf3 d6 3. d4 cxd4 4. Nxd4 Nf6 5. Nc3 a6 6. Bc4 e6 7. Bb3 Be7 8. f4
Qc7 9. f5 e5 10. Nde2 Nbd7 11. Bg5 O-O 12. g4 Nc5 13. Bxf6 Bxf6 14. h4 Bd8 15.
g5 Nxb3 16. axb3 Qc5 17. Qd2 Bb6 18. O-O-O Qe3 19. Nd5 Qxd2+ 20. Rxd2 Bd8 21.
Ne3 Bc7 22. Nc4 b5 23. Nxd6 Bd7 24. Rhd1 Bc6 25. Ng3 Rad8 26. c4 Bb6 27. Kc2
Bd4 28. Rxd4 exd4 29. c5 a5 30. Rxd4 Rd7 31. e5 Re8 32. Nxe8 Rxd4 33. Nd6 Rd5
34. e6 Rxc5+ 35. Kb1 fxe6 36. fxe6 Re5 0-1

[Event "Championnat de France des Jeunes - Mini"]
[Site "LA ROCHE SUR YON"]
[Date "2008.04.21"]
[Round "2.8"]
[White "Podvin, Francois-Xavier"]
[Black "Dubessay, Bastien"]
[Result "0-1"]
[WhiteElo "1931"]
[BlackElo "2097"]
[Annotator "Salaun,Michel"]
[PlyCount "62"]
[EventDate "2008.04.24"]
[EventType "swiss"]
[EventRounds "6"]
[EventCountry "FRA"]

1. e4 c5 2. Nf3 d6 3. d4 cxd4 4. Nxd4 Nf6 5. Nc3 a6 6. Bg5 e6 7. f4 b5 8. e5
dxe5 9. fxe5 Qc7 10. Qe2 Nfd7 11. Bf4 Nc6 12. Nxc6 Qxc6 13. O-O-O Bb7 14. h4 b4
15. Nb1 Rc8 16. Rh3 Nb6 17. g4 Nd5 18. Bg2 Qc7 19. Bxd5 Bxd5 20. Rxd5 exd5 21.
Rf3 Qc4 22. Qd2 Be7 23. b3 Qc5 24. Be3 Qc6 25. Bd4 O-O 26. g5 Rc7 27. Kb2 Rfc8
28. c3 a5 29. h5 Qe6 30. h6 g6 31. Qf2 Bxg5 0-1

[Event "Championnat de France des Jeunes - Mini"]
[Site "LA ROCHE SUR YON"]
[Date "2008.04.21"]
[Round "3.8"]
[White "Josse, Mathilde"]
[Black "De Seroux, Camille"]
[Result "1-0"]
[WhiteElo "1726"]
[BlackElo "1867"]
[Annotator "Salaun,Michel"]
[PlyCount "97"]
[EventDate "2008.04.24"]
[EventType "swiss"]
[EventRounds "6"]
[EventCountry "FRA"]

1. e4 c5 2. Nc3 d6 3. f4 Nc6 4. Nf3 g6 5. Bb5 Bd7 6. O-O Bg7 7. d3 e6 8. Bxc6
Bxc6 9. Be3 b5 10. Qe1 b4 11. Nd1 Rb8 12. Nh4 Nf6 13. h3 O-O 14. Qf2 Nd7 15. f5
exf5 16. exf5 Ne5 17. f6 Bh8 18. b3 Nd7 19. Bg5 Re8 20. Ne3 Bxf6 21. Bxf6 Qxf6
22. Qxf6 Nxf6 23. Rxf6 Rxe3 24. Rxd6 Rc8 25. Kf2 Re5 26. Rd1 Kf8 27. Nf3 Rf5
28. Re1 h5 29. Re5 Rxe5 30. Nxe5 Bb5 31. Nc4 Rc6 32. Rd5 {(=)} Ke7 33. Ke3 h4
34. Kf4 f6 35. Ne3 Ke6 36. d4 g5+ 37. Ke4 Ra6 38. Rxc5 Be8 39. d5+ Kd6 40. Kd4
Rxa2 41. Kc4 a5 42. Kd4 a4 43. bxa4 Rxa4 44. Nc4+ Ke7 45. Rc7+ Kd8 46. d6 Ra1
47. Nb6 Rd1+ {(=)} 48. Kc5 Rd2 49. Rc8# 1-0

[Event "Championnat de France des Jeunes - Mini"]
[Site "LA ROCHE SUR YON"]
[Date "2008.04.21"]
[Round "3.6"]
[White "Muller, Marion"]
[Black "Lemaitre, Delphine"]
[Result "1/2-1/2"]
[WhiteElo "1815"]
[BlackElo "1724"]
[Annotator "Salaun,Michel"]
[PlyCount "69"]
[EventDate "2008.04.24"]
[EventType "swiss"]
[EventRounds "6"]
[EventCountry "FRA"]

1. e4 c5 2. Nf3 d6 3. d4 cxd4 4. Nxd4 Nf6 5. Nc3 a6 6. Be2 e5 7. Nb3 Be6 8. O-O
Be7 9. f4 O-O 10. Be3 b5 11. f5 Bc8 12. Nd5 Nbd7 13. a4 Bb7 14. axb5 axb5 15.
Rxa8 Bxa8 16. Bxb5 Nxe4 17. Bxd7 Qxd7 18. Nb6 Qb7 19. Nxa8 Qxa8 20. Qd3 d5 21.
Ra1 Qd8 22. c3 Nf6 23. Bc5 Bxc5+ 24. Nxc5 Qc8 25. b4 e4 26. Qf1 Rd8 27. Rd1 Qc7
28. Rd4 Ng4 29. g3 Ne5 30. Rd1 Nf3+ 31. Kg2 Qe5 32. Nxe4 Nh4+ 33. gxh4 Qxe4+
34. Qf3 Qxh4 35. Rxd5 {(=)} 1/2-1/2

[Event "Championnat de France des Jeunes - Mini"]
[Site "LA ROCHE SUR YON"]
[Date "2008.04.21"]
[Round "3.9"]
[White "Buscara, Lena"]
[Black "Uhl, Sarah"]
[Result "0-1"]
[WhiteElo "1691"]
[BlackElo "1850"]
[Annotator "Salaun,Michel"]
[PlyCount "60"]
[EventDate "2008.04.24"]
[EventType "swiss"]
[EventRounds "6"]
[EventCountry "FRA"]

1. e4 c5 2. Nf3 e6 3. c3 d5 4. e5 Nc6 5. d4 Qb6 6. Bd3 Bd7 7. Bc2 cxd4 8. cxd4
Be7 9. O-O Qc7 10. Nc3 f6 11. Re1 a6 12. Bf4 Qc8 13. exf6 Nxf6 14. Ne5 O-O 15.
Bg5 Be8 16. Re3 Bd8 17. Rh3 Ne4 18. Nxe4 dxe4 19. Bxd8 Qxd8 20. Bxe4 g6 21.
Nxc6 Bxc6 22. Bxc6 bxc6 23. Qg4 Rf5 24. Rd1 Qd5 25. b3 Raf8 26. Rd2 Rg5 27. Qg3
Rxg3 28. Rxg3 Rd8 29. Re3 c5 30. Re5 Qxe5 0-1

[Event "Championnat de France des Jeunes - Mini"]
[Site "LA ROCHE SUR YON"]
[Date "2008.04.21"]
[Round "3.7"]
[White "Durot, Edwige"]
[Black "Khan, Mai-Ly"]
[Result "0-1"]
[WhiteElo "1757"]
[BlackElo "1700"]
[Annotator "Salaun,Michel"]
[PlyCount "46"]
[EventDate "2008.04.24"]
[EventType "swiss"]
[EventRounds "6"]
[EventCountry "FRA"]

1. e4 c5 2. Nf3 Nc6 3. Bb5 g6 4. Bxc6 bxc6 5. O-O Bg7 6. c3 d6 7. d3 Bg4 8.
Nbd2 Nf6 9. h3 Bxf3 10. Nxf3 O-O 11. Be3 Rb8 12. Rb1 Qa5 13. a3 Rb7 14. Qc2
Rfb8 15. Rfe1 Nd7 16. Bc1 Bxc3 17. b4 cxb4 18. axb4 Bxb4 19. Qxc6 Rc7 20. Qd5
Qxd5 21. exd5 Bxe1 22. Rxb8+ Nxb8 23. Nxe1 Rxc1 0-1

[Event "Championnat de France des Jeunes - Mini"]
[Site "LA ROCHE SUR YON"]
[Date "2008.04.21"]
[Round "3.6"]
[White "Iellatchitch, Alexandre"]
[Black "Graca, Robert"]
[Result "1/2-1/2"]
[WhiteElo "1991"]
[BlackElo "2103"]
[Annotator "Salaun,Michel"]
[PlyCount "61"]
[EventDate "2008.04.24"]
[EventType "swiss"]
[EventRounds "6"]
[EventCountry "FRA"]

1. d4 Nf6 2. c4 c5 3. d5 a6 4. Nc3 b5 5. cxb5 axb5 6. Nxb5 Ba6 7. Nc3 d6 8. e4
Bxf1 9. Kxf1 Nbd7 10. Nf3 g6 11. g3 Bg7 12. Kg2 O-O 13. Re1 Qa5 14. e5 dxe5 15.
Nxe5 Nxe5 16. Rxe5 Ra7 17. Qe2 Re8 18. Bg5 h6 19. Bd2 Rd7 20. Re1 Qa8 21. Qf3
Qb7 22. d6 Qxf3+ 23. Kxf3 Rxd6 24. Bc1 Nd7 25. Rxe7 Rxe7 26. Rxe7 Ne5+ 27. Kg2
Nd3 28. Be3 Nxb2 29. Ne4 Ra6 30. Bxc5 Rxa2 31. Re8+ 1/2-1/2

[Event "Championnat de France des Jeunes - Mini"]
[Site "LA ROCHE SUR YON"]
[Date "2008.04.21"]
[Round "3.7"]
[White "Dubessay, Bastien"]
[Black "Gertosio, Franck"]
[Result "1-0"]
[WhiteElo "2097"]
[BlackElo "1985"]
[Annotator "Salaun,Michel"]
[PlyCount "73"]
[EventDate "2008.04.24"]
[EventType "swiss"]
[EventRounds "6"]
[EventCountry "FRA"]

1. d4 d6 2. c4 e5 3. Nf3 e4 4. Nfd2 f5 5. e3 c6 6. Be2 Nf6 7. O-O d5 8. Nc3 Be7
9. cxd5 cxd5 10. a3 O-O 11. b4 a6 12. Qb3 Nc6 13. Bb2 Kh8 14. Rac1 Be6 15. Na4
Nd7 16. Qd1 f4 17. exf4 Rxf4 18. Nb3 Bg5 19. Nac5 Nxc5 20. Nxc5 Qe7 21. Nxa6
Raf8 22. Qb3 Rxf2 23. Rxf2 Rxf2 24. Kxf2 Bxc1 25. Bxc1 Qf6+ 26. Ke1 Nxd4 27.
Qd1 Nxe2 28. Qxe2 bxa6 29. Qxa6 Qc3+ 30. Bd2 Qa1+ 31. Ke2 Bg8 32. b5 d4 33. b6
Qb2 34. Qc8 e3 35. b7 exd2 36. b8=Q d3+ 37. Kd1 1-0

[Event "Championnat de France des Jeunes - Mini"]
[Site "LA ROCHE SUR YON"]
[Date "2008.04.21"]
[Round "3.8"]
[White "Velten, Paul"]
[Black "Bouget, Alexandre"]
[Result "1-0"]
[WhiteElo "2085"]
[BlackElo "1916"]
[Annotator "Salaun,Michel"]
[PlyCount "53"]
[EventDate "2008.04.24"]
[EventType "swiss"]
[EventRounds "6"]
[EventCountry "FRA"]

1. d4 Nf6 2. Nf3 g6 3. c4 Bg7 4. Nc3 O-O 5. Bg5 h6 6. Bh4 d6 7. e3 c6 8. Be2
Qc7 9. O-O Nh7 10. Bg3 f5 11. c5 g5 12. Bc4+ Kh8 13. Rb1 Nd7 14. b4 f4 15. exf4
gxf4 16. Nh4 Rf6 17. Bxf4 Ndf8 18. Bg3 Ng6 19. Ne4 Nxh4 20. Nxf6 Bxf6 21. Qh5
Bd7 22. Bxh4 Bxd4 23. Bd3 Bg7 24. Bxe7 Be8 25. Qf5 Nf8 26. Bxf8 Bg6 27. Bxg7+
1-0

[Event "Championnat de France des Jeunes - Mini"]
[Site "LA ROCHE SUR YON"]
[Date "2008.04.21"]
[Round "3.10"]
[White "Villegas, Pierre"]
[Black "Nord, Antoine"]
[Result "0-1"]
[WhiteElo "2060"]
[BlackElo "1821"]
[Annotator "Salaun,Michel"]
[PlyCount "116"]
[EventDate "2008.04.24"]
[EventType "swiss"]
[EventRounds "6"]
[EventCountry "FRA"]

1. d4 Nf6 2. c4 e6 3. Nc3 Bb4 4. f3 d5 5. a3 Bxc3+ 6. bxc3 b6 7. cxd5 exd5 8.
e3 Bb7 9. Bd3 Nbd7 10. Ne2 O-O 11. O-O Re8 12. Ng3 c5 13. Re1 Nf8 14. Bb2 cxd4
15. cxd4 Ne6 16. Rc1 Qd7 17. Qb3 Rac8 18. Bc3 Rc7 19. Rc2 Rec8 20. Rec1 Ne8 21.
Bb4 Nd6 22. Bxd6 Qxd6 23. Nf5 Qd8 24. Qa4 Rxc2 25. Rxc2 Rxc2 26. Bxc2 a6 27.
Bd3 b5 28. Qb4 g6 29. Ng3 Bc6 30. Qc3 Qb6 31. Ne2 a5 32. Nc1 b4 33. axb4 axb4
34. Qb2 Qa5 35. Na2 Qa3 36. Qb1 b3 37. Nc3 Nd8 38. Kf2 Nb7 39. Nd1 Na5 40. Nb2
Qa2 41. Qc1 Nc4 42. Bxc4 dxc4 43. Kg3 Bb5 44. d5 Qa5 45. Nd1 Qe1+ 46. Kf4 Qh4+
47. Ke5 Qxh2+ 48. Kd4 Qxg2 49. Qa1 Qxf3 50. Nc3 Qf6+ 51. Kc5 Bd7 52. Kxc4 Qb6
53. Qb2 Bc8 54. Qxb3 Ba6+ 55. Nb5 h5 56. e4 h4 57. d6 Kf8 58. d7 Qxb5+ 0-1

[Event "Championnat de France des Jeunes - Mini"]
[Site "LA ROCHE SUR YON"]
[Date "2008.04.21"]
[Round "3.9"]
[White "Samoun, Florent"]
[Black "Hoareau, William"]
[Result "1-0"]
[WhiteElo "1987"]
[BlackElo "2065"]
[Annotator "Salaun,Michel"]
[PlyCount "45"]
[EventDate "2008.04.24"]
[EventType "swiss"]
[EventRounds "6"]
[EventCountry "FRA"]

1. e4 c5 2. Nc3 Nc6 3. g3 g6 4. Bg2 Bg7 5. d3 d6 6. Be3 e6 7. Qd2 Nge7 8. Bh6
Bxh6 9. Qxh6 Nd4 10. Qd2 Qa5 11. Nge2 Nec6 12. Nxd4 Nxd4 13. O-O Bd7 14. f4 Qb4
15. e5 Qxb2 16. Ne4 d5 17. Rab1 Qxc2 18. Nf6+ Kd8 19. Qa5+ b6 20. Rxb6 axb6 {
(=)} 21. Qxa8+ Kc7 22. Qa7+ Kc8 23. Nxd7 1-0

[Event "Championnat de France des Jeunes - Mini"]
[Site "LA ROCHE SUR YON"]
[Date "2008.04.22"]
[Round "4.6"]
[White "Dourerassou, Cynthia"]
[Black "Thuret, Marine"]
[Result "0-1"]
[WhiteElo "1909"]
[BlackElo "1765"]
[Annotator "Salaun,Michel"]
[PlyCount "58"]
[EventDate "2008.04.24"]
[EventType "swiss"]
[EventRounds "6"]
[EventCountry "FRA"]

1. e4 c5 2. Nf3 d6 3. d4 cxd4 4. Nxd4 Nf6 5. Nc3 g6 6. Be3 Bg7 7. f3 Bd7 8. Bc4
a6 9. Qd2 Nc6 10. O-O-O h5 11. Bb3 Rc8 12. Kb1 Na5 13. h3 Nc4 14. Bxc4 Rxc4 15.
g4 O-O 16. Nb3 b5 17. Bh6 b4 18. Nd5 Nxd5 19. exd5 Qc7 20. Bxg7 Kxg7 21. gxh5
a5 22. hxg6 fxg6 23. Nd4 a4 24. Rde1 Bf5 25. Ne6+ Bxe6 26. dxe6 Rxf3 27. Ref1
Qb7 28. Qg5 Rf6 29. Rxf6 Qxh1+ 0-1

[Event "Championnat de France des Jeunes - Mini"]
[Site "LA ROCHE SUR YON"]
[Date "2008.04.22"]
[Round "4.9"]
[White "Chesa, Marie"]
[Black "Rambourg, Juliette"]
[Result "0-1"]
[WhiteElo "1690"]
[BlackElo "1811"]
[Annotator "Salaun,Michel"]
[PlyCount "140"]
[EventDate "2008.04.24"]
[EventType "swiss"]
[EventRounds "6"]
[EventCountry "FRA"]

1. e4 d5 2. e5 Bf5 3. d4 e6 4. Nf3 c5 5. Nc3 Nc6 6. Bb5 a6 7. Bxc6+ bxc6 8. O-O
Bg6 9. Be3 cxd4 10. Nxd4 c5 11. Nb3 d4 12. Bxd4 cxd4 13. Nxd4 Bc5 14. Nb3 Bb6
15. Qe2 Ne7 16. Rad1 Qc7 17. Rfe1 O-O 18. Kh1 Nc6 19. Na4 Nb4 20. c3 Nd5 21.
Nxb6 Qxb6 22. f3 Rfd8 23. Nd4 a5 24. a3 h6 25. h3 Rdb8 26. Rd2 Qa6 27. Qxa6
Rxa6 28. Kh2 Rab6 29. b4 Nxc3 30. bxa5 Ra6 31. g4 Rba8 32. Nb3 Nd5 33. Kg3 Ne7
34. h4 h5 35. g5 Nc6 36. Rd6 Nxa5 37. Rxa6 Rxa6 38. Nxa5 Rxa5 39. Re3 Kf8 40.
f4 Ke7 41. Rc3 Kd7 42. Kf2 Ra4 43. Kf3 Bf5 44. Kg3 Ra6 45. Kf3 Rc6 46. Rb3 Kc7
47. Ke3 Rb6 48. Rc3+ Kb7 49. a4 Ka6 50. Rc7 Bg6 51. Rc8 Ka5 52. Rg8 Kxa4 53.
Rxg7 Rb3+ 54. Kf2 Rh3 55. Rg8 Rxh4 56. Ra8+ Kb5 57. Rb8+ Kc5 58. Kg3 Rg4+ 59.
Kf3 Rg1 60. Kf2 Ra1 61. Rd8 Ra4 62. Kg3 Rd4 63. Ra8 Kd5 64. Ra1 Ke4 65. Re1+
Kf5 66. Rf1 h4+ 67. Kxh4 Rxf4+ 68. Rxf4+ Kxf4 69. Kh3 Kxe5 70. Kg4 Kd4 0-1

[Event "Championnat de France des Jeunes - Mini"]
[Site "LA ROCHE SUR YON"]
[Date "2008.04.22"]
[Round "4.7"]
[White "Jolly, Marie"]
[Black "Kohi, Camilla"]
[Result "0-1"]
[WhiteElo "1723"]
[BlackElo "1855"]
[Annotator "Salaun,Michel"]
[PlyCount "114"]
[EventDate "2008.04.24"]
[EventType "swiss"]
[EventRounds "6"]
[EventCountry "FRA"]

1. d4 Nf6 2. Nf3 g6 3. g3 Bg7 4. Bg2 d6 5. c3 O-O 6. Na3 Nbd7 7. Nc2 Rb8 8. Bf4
b6 9. Qd2 Re8 10. Bh6 Bh8 11. h4 e5 12. O-O-O exd4 13. Nfxd4 Bb7 14. Bc6 Ng4
15. Rdf1 Nxh6 16. Qxh6 Ne5 17. Bxb7 Rxb7 18. h5 Bg7 19. Qd2 c5 20. Nb5 a6 21.
Qd5 Rd7 22. Nba3 Qf6 23. hxg6 Qxg6 24. Nc4 Nxc4 25. Qxc4 b5 26. Qd3 Rde7 27.
Ne3 h6 28. Rd1 Re6 29. Rh4 Qxd3 30. exd3 Rf6 31. Rd2 Rg6 32. Re4 Rxe4 33. dxe4
h5 34. Rd5 Bh6 35. Kd2 Rf6 36. Ke2 Kg7 37. Rxh5 Kg6 38. Rd5 Bf8 {(=)} 39. f4
Kh7 40. Rh5+ Kg6 41. Rg5+ Kh7 42. Kf3 Bh6 43. Rd5 Bf8 44. e5 dxe5 45. Rxe5 Bd6
46. Rd5 Bf8 47. Ng4 Re6 48. Ne5 f6 49. Rd7+ Be7 50. Ng4 Kg6 51. Rd5 Re1 52. Nf2
Ra1 53. a3 Ra2 54. Rd2 c4 55. Ke4 Bxa3 56. Nd1 Be7 57. g4 Ra4 0-1

[Event "Championnat de France des Jeunes - Mini"]
[Site "LA ROCHE SUR YON"]
[Date "2008.04.22"]
[Round "4.8"]
[White "Copin, Oceane"]
[Black "Klipper, Noemie"]
[Result "1/2-1/2"]
[WhiteElo "1720"]
[BlackElo "1831"]
[Annotator "Salaun,Michel"]
[PlyCount "104"]
[EventDate "2008.04.24"]
[EventType "swiss"]
[EventRounds "6"]
[EventCountry "FRA"]

1. d4 c5 2. c3 g6 3. Nf3 Bg7 4. Bf4 d6 5. e3 Nf6 6. Be2 O-O 7. h3 Nbd7 8. O-O
Nb6 9. Nbd2 Bd7 10. Bh2 Rc8 11. Rc1 Ne8 12. dxc5 dxc5 13. Nc4 Be6 14. Qxd8 Rxd8
15. Nxb6 axb6 16. a3 Nd6 17. Ng5 Bb3 18. Bd1 Bxd1 19. Bxd6 Rxd6 20. Rcxd1 Rfd8
21. Rxd6 Rxd6 22. Nf3 f5 23. Re1 h6 24. Re2 Kf7 25. Kf1 b5 26. Rd2 Ke6 27. Ke2
g5 28. g4 Rxd2+ 29. Kxd2 fxg4 30. hxg4 Kd5 31. Ne1 e5 32. b3 Bf6 33. a4 bxa4
34. bxa4 Kc4 35. e4 Kb3 36. Nd3 b6 37. f3 Kxa4 38. Kc2 Kb5 39. Ne1 Kc6 40. c4
b5 41. Kc3 Bd8 42. Nd3 Bc7 43. Nb2 b4+ 44. Kb3 Bd6 45. Nd1 Kd7 46. Ne3 Ke6 47.
Nf5 Bf8 48. Ne3 Kf6 49. Nf5 Bg7 50. Ng3 Bf8 51. Nh5+ Ke6 52. Ng3 Kf6 {(=)}
1/2-1/2

[Event "Championnat de France des Jeunes - Mini"]
[Site "LA ROCHE SUR YON"]
[Date "2008.04.22"]
[Round "4.10"]
[White "Gicquel, Maelig"]
[Black "Macarry, Elodie"]
[Result "0-1"]
[WhiteElo "1410"]
[BlackElo "1805"]
[Annotator "Salaun,Michel"]
[PlyCount "94"]
[EventDate "2008.04.24"]
[EventType "swiss"]
[EventRounds "6"]
[EventCountry "FRA"]

1. e4 c6 2. d4 d5 3. e5 Bf5 4. Nf3 e6 5. c4 dxc4 6. Bxc4 Nd7 7. O-O Nb6 8. Bb3
Ne7 9. Nc3 Ned5 10. Nxd5 Nxd5 11. Bxd5 Qxd5 12. Be3 h6 13. Ne1 Be7 14. Nd3 O-O
15. Nf4 Qb5 16. b3 Rfd8 17. Qc1 Bg5 18. Qc3 Bxf4 19. Bxf4 Rd7 20. Rad1 Rad8 21.
Rd2 Rd5 22. Rfd1 Qb6 23. Be3 R8d7 24. a4 a6 25. f3 Qd8 26. g4 Bg6 27. Bf2 c5
28. b4 cxd4 29. Rxd4 Rc7 30. Rxd5 exd5 31. Qe3 Rc4 32. e6 fxe6 33. Qxe6+ Bf7
34. Qb6 Qxb6 35. Bxb6 Rxb4 36. Be3 Rxa4 37. Rc1 Rc4 38. Rb1 b5 39. Ra1 Rc6 40.
Kf2 Bg6 41. f4 Bd3 42. Ke1 b4 43. Kd2 Bc4 44. Kc1 b3 45. Kb2 Re6 46. Bg1 Re4
47. Rxa6 Bxa6 0-1

[Event "Championnat de France des Jeunes - Mini"]
[Site "LA ROCHE SUR YON"]
[Date "2008.04.22"]
[Round "4.6"]
[White "Ollier, Pablo"]
[Black "Lallement, Victor"]
[Result "1-0"]
[WhiteElo "2147"]
[BlackElo "2093"]
[Annotator "Salaun,Michel"]
[PlyCount "121"]
[EventDate "2008.04.24"]
[EventType "swiss"]
[EventRounds "6"]
[EventCountry "FRA"]

1. d4 Nf6 2. c4 c5 3. d5 b5 4. cxb5 a6 5. bxa6 Bxa6 6. Nc3 g6 7. e4 Bxf1 8.
Kxf1 d6 9. g3 Bg7 10. Kg2 O-O 11. Nf3 Nbd7 12. Re1 Ra6 13. a4 Qa8 14. Bg5 h6
15. Bd2 c4 16. Nb5 Rc8 17. Bb4 Ng4 18. Nfd4 Nge5 19. Re2 Nd3 20. Nc6 Rcxc6 21.
dxc6 Qxc6 22. Bc3 N7c5 23. Bxg7 Kxg7 24. Nc3 Nb3 25. Ra3 Ndc5 26. Qd5 Na5 27.
Qxc6 Nxc6 28. Nd5 Rxa4 29. Rxa4 Nxa4 30. Rc2 Ne5 31. Nxe7 Nd3 32. Rxc4 Naxb2
33. Rd4 Kf6 34. Nc6 Ke6 35. f4 Nc5 36. Na5 g5 37. f5+ Ke5 38. Nc6+ Kf6 39.
Rxd6+ Kg7 40. f6+ Kh7 41. e5 Nc4 42. Rd8 Ne6 43. Rd7 Kg6 44. Ne7+ Kh7 45. Nc6
Kg6 46. Ra7 h5 47. Kf2 g4 48. Ne7+ Kh7 49. Nc6 Ng5 50. Re7 Kg6 51. Nd8 Nb6 52.
Rb7 Nd5 53. Nxf7 Nxf7 54. e6 Kxf6 55. exf7 Kg7 56. Ra7 Kf8 57. Ke2 Ne7 58. Ra5
Kxf7 59. Rxh5 Kg6 60. Ra5 Nf5 61. Kd3 1-0